[Event "Kölner SK Dr. Lasker 2 - SF Düsseldor"]
[Site "NRW-Klasse - Gruppe 3 2021/20"]
[Date "2021.11.07"]
[Round "1.6"]
[White "Rosenkraenzer, Torsten"]
[Black "Huenemeyer, Dirk"]
[Result "1/2-1/2"]
[WhiteElo "2028"]
[BlackElo "1913"]
[PlyCount "36"]
[EventDate "2021.??.??"]
[SourceVersionDate "2020.03.16"]
[WhiteTeam "Kölner SK Dr. Lasker 2"]
[BlackTeam "SF Düsseldorf-Süd 1"]

1. d4 Nf6 2. c4 g6 3. Nc3 d5 4. cxd5 Nxd5 5. Bd2 Bg7 6. e4 Nxc3 7. Bxc3 O-O 8.
Nf3 c5 9. d5 e6 10. Be2 exd5 11. exd5 Qd6 12. O-O Nd7 13. Qb3 b6 14. Rad1 Bb7
15. a4 a6 16. Rfe1 Rfe8 17. Bc4 Rab8 18. h3 Rxe1+ 1/2-1/2

[Event "Kölner SK Dr. Lasker 2 - SF Düsseldor"]
[Site "NRW-Klasse - Gruppe 3 2021/20"]
[Date "2021.11.07"]
[Round "1.7"]
[White "Reinartz, Achim"]
[Black "Mews, Bernhard"]
[Result "1/2-1/2"]
[WhiteElo "1961"]
[BlackElo "1984"]
[PlyCount "84"]
[EventDate "2021.??.??"]
[SourceVersionDate "2020.03.16"]
[WhiteTeam "SF Düsseldorf-Süd 1"]
[BlackTeam "Kölner SK Dr. Lasker 2"]

1. d4 Nf6 2. c4 e6 3. Nc3 Bb4 4. Qc2 b6 5. Nf3 Bb7 6. Bg5 h6 7. Bh4 g5 8. Bg3
Ne4 9. Nd2 Bxc3 10. bxc3 Nxd2 11. Qxd2 d6 12. f3 Nd7 13. e4 Qe7 14. c5 bxc5 15.
Rb1 Rb8 16. Bb5 Bc6 17. Qd3 Bxb5 18. Rxb5 O-O 19. O-O Rxb5 20. Qxb5 e5 21. Qa5
cxd4 22. cxd4 c5 23. dxc5 Nxc5 24. Bf2 Rc8 25. Rd1 Qc7 26. Qa3 a5 27. h4 Kg7
28. hxg5 hxg5 29. Be3 Kg6 30. Rd5 Qb6 31. Kh2 Rc6 32. Bd2 a4 33. Bb4 f6 34.
Bxc5 Rxc5 35. Qxa4 Rxd5 36. Qe8+ Kg7 37. Qe7+ Kg6 38. exd5 Qf2 39. Qe8+ Kg7 40.
Qa4 Kh6 41. Qd7 Kg6 42. Qe6 Kg7 1/2-1/2

[Event "Kölner SK Dr. Lasker 2 - SF Düsseldor"]
[Site "NRW-Klasse - Gruppe 3 2021/20"]
[Date "2021.11.07"]
[Round "1.8"]
[White "Glaser, Steffen"]
[Black "Hamm, Norbert"]
[Result "1/2-1/2"]
[WhiteElo "1927"]
[BlackElo "1911"]
[PlyCount "69"]
[EventDate "2021.??.??"]
[SourceVersionDate "2020.03.16"]
[WhiteTeam "Kölner SK Dr. Lasker 2"]
[BlackTeam "SF Düsseldorf-Süd 1"]

1. e4 c5 2. c3 Nf6 3. e5 Nd5 4. d4 cxd4 5. Nf3 e6 6. cxd4 Nc6 7. Nc3 Nxc3 8.
bxc3 d6 9. exd6 Bxd6 10. Bd3 h6 11. O-O O-O 12. Qe2 Re8 13. Ne5 Nxe5 14. dxe5
Bf8 15. Qe4 g6 16. Bb5 Bd7 17. Rd1 Bxb5 18. Rxd8 Rexd8 19. Be3 Rd7 20. h4 Bc6
21. Qg4 h5 22. Qe2 Rd5 23. Bg5 Rc8 24. Rd1 Rc7 25. Rxd5 Bxd5 26. g4 hxg4 27.
Qxg4 Rc4 28. Qg3 Be4 29. Qe3 Bc5 30. Qd2 Bd5 31. Bf6 Rg4+ 32. Kh2 Rg2+ 33. Kh3
Bxf2 34. Qh6 Rg3+ 35. Kh2 1/2-1/2

[Event "Klub Kölner SF 2 - Ratinger SK 1"]
[Site "NRW-Klasse - Gruppe 3 2021/20"]
[Date "2021.11.07"]
[Round "1.1"]
[White "Brosig, Boris"]
[Black "Maric, Boris"]
[Result "1-0"]
[WhiteElo "2204"]
[BlackElo "2095"]
[PlyCount "53"]
[EventDate "2021.??.??"]
[SourceVersionDate "2020.03.16"]
[WhiteTeam "Ratinger SK 1"]
[BlackTeam "Klub Kölner SF 2"]

1. e4 c5 2. Nc3 Nc6 3. Nf3 e5 4. Bc4 d6 5. h3 a6 6. d3 b5 7. Bd5 Bb7 8. Ng5 Nh6
9. O-O Qd7 10. f4 Nd8 11. fxe5 dxe5 12. Qh5 g6 13. Qf3 Bg7 14. Qf2 f6 15. Nf3
b4 16. Bxb7 Nxb7 17. Nd5 Qd6 18. Nxe5 Qxe5 19. Bxh6 Bxh6 20. Nxf6+ Kd8 21. Ng4
Qg5 22. Qf7 Kc8 23. Qe6+ Kb8 24. Ne5 Rc8 25. Nd7+ Kc7 26. Qb6+ Kxd7 27. Rf7+
1-0

[Event "Klub Kölner SF 2 - Ratinger SK 1"]
[Site "NRW-Klasse - Gruppe 3 2021/20"]
[Date "2021.11.07"]
[Round "1.2"]
[White "Raasch, Joerg"]
[Black "Preuschoff, Michael"]
[Result "1-0"]
[WhiteElo "2139"]
[BlackElo "2151"]
[PlyCount "37"]
[EventDate "2021.??.??"]
[SourceVersionDate "2020.03.16"]
[WhiteTeam "Klub Kölner SF 2"]
[BlackTeam "Ratinger SK 1"]

1. d4 e6 2. Nf3 c5 3. e3 d5 4. c4 Nc6 5. Nc3 Nf6 6. a3 a6 7. b3 cxd4 8. exd4
Ne4 9. Bb2 f5 10. Be2 g6 11. O-O Bg7 12. Qc2 O-O 13. cxd5 Nxc3 14. Bxc3 Qxd5
15. Bc4 Qd6 16. d5 exd5 17. Rad1 Bxc3 18. Rxd5 Qxa3 19. Ra5+ 1-0

[Event "Klub Kölner SF 2 - Ratinger SK 1"]
[Site "NRW-Klasse - Gruppe 3 2021/20"]
[Date "2021.11.07"]
[Round "1.3"]
[White "Probst, Andreas"]
[Black "Langner, Jasper"]
[Result "0-1"]
[WhiteElo "2148"]
[BlackElo "1983"]
[Annotator "daniel"]
[PlyCount "106"]
[EventDate "2021.??.??"]
[SourceVersionDate "2020.03.16"]
[WhiteTeam "Ratinger SK 1"]
[BlackTeam "Klub Kölner SF 2"]

1. d4 d5 2. Bf4 Nf6 3. e3 c5 4. c3 Nc6 5. Nd2 e6 6. Ngf3 cxd4 7. exd4 Nh5 8.
Bg3 Nxg3 9. hxg3 Bd6 10. Bd3 Bd7 11. Qe2 Qc7 12. Rc1 O-O-O 13. O-O e5 14. dxe5
Bxe5 15. Nxe5 Nxe5 16. c4 d4 17. Be4 Rhe8 18. Rfe1 Bg4 19. Qf1 Kb8 20. b4 d3
21. Bf3 h5 22. c5 f6 23. b5 $11 Qa5 24. c6 Rc8 25. Rxe5 fxe5 26. Qxd3 Bxf3 27.
gxf3 Red8 28. Nb3 Rxd3 29. Nxa5 bxc6 30. Nxc6+ Kb7 31. Na5+ Kb8 32. Nc6+ Kb7
33. Na5+ Kb8 34. Nc6+ Ka8 35. Re1 Re8 36. Nxe5 Rd5 37. f4 Rxb5 38. Rd1 Rc8 39.
a4 Rbc5 40. Nd7 Rc1 41. Rxc1 Rxc1+ 42. Kg2 Rc4 43. a5 Ra4 44. Kh3 Rxa5 45. Kh4
Rf5 46. f3 a5 47. Nb6+ Kb7 48. Nc4 Ka6 49. Ne3 Rc5 50. g4 hxg4 51. fxg4 a4 52.
Nf1 a3 53. Nd2 Rb5 0-1

[Event "Klub Kölner SF 2 - Ratinger SK 1"]
[Site "NRW-Klasse - Gruppe 3 2021/20"]
[Date "2021.11.07"]
[Round "1.4"]
[White "Pragua, Christoph"]
[Black "Gatterer, Matthias"]
[Result "1/2-1/2"]
[WhiteElo "2022"]
[BlackElo "1982"]
[PlyCount "57"]
[EventDate "2021.??.??"]
[SourceVersionDate "2020.03.16"]
[WhiteTeam "Klub Kölner SF 2"]
[BlackTeam "Ratinger SK 1"]

1. c4 e6 2. Nc3 d5 3. d4 Nf6 4. Bg5 Nbd7 5. e3 Be7 6. Nf3 O-O 7. Qc2 c5 8. cxd5
Nxd5 9. Bxe7 Qxe7 10. Nxd5 exd5 11. Bd3 g6 12. O-O c4 13. Be2 Nf6 14. b3 Bf5
15. Qc1 b5 16. a4 a6 17. axb5 axb5 18. bxc4 bxc4 19. Ne5 Nd7 20. Qc3 Rfe8 21.
Nxd7 Qxd7 22. Bf3 Bg4 23. Bxg4 Qxg4 24. f3 Qe6 25. Rxa8 Rxa8 26. e4 dxe4 27.
fxe4 Qxe4 28. Qxc4 Qe7 29. h3 1/2-1/2

[Event "Klub Kölner SF 2 - Ratinger SK 1"]
[Site "NRW-Klasse - Gruppe 3 2021/20"]
[Date "2021.11.07"]
[Round "1.5"]
[White "Liedtke, Dirk"]
[Black "Klemenz, Luca"]
[Result "1-0"]
[WhiteElo "2100"]
[BlackElo "1992"]
[PlyCount "93"]
[EventDate "2021.??.??"]
[SourceVersionDate "2020.03.16"]
[WhiteTeam "Ratinger SK 1"]
[BlackTeam "Klub Kölner SF 2"]

1. c4 e6 2. Nf3 d5 3. g3 Nf6 4. Bg2 dxc4 5. Qa4+ Bd7 6. Qxc4 c5 7. Ne5 Qc8 8.
Nxd7 Qxd7 9. O-O Nc6 10. b3 Be7 11. Bb2 O-O 12. Rd1 Rac8 13. Nc3 Rfd8 14. Ne4
Nd4 15. e3 b5 16. Qf1 Nxe4 17. Bxe4 Nf5 18. d4 c4 19. Rac1 Nd6 20. Bf3 Bf6 21.
h4 Qe7 22. Ba3 cxb3 23. axb3 a6 24. Bc5 Qc7 25. Qe2 Nf5 26. Qa2 Nxg3 27. fxg3
Qxg3+ 28. Qg2 Qxh4 29. Kf1 e5 30. d5 e4 31. Bg4 Rc7 32. d6 Rc6 33. Qxe4 Rcc8
34. Qf3 Rc6 35. Qxc6 Qxg4 36. Bb6 Rd7 37. Qg2 Qf5+ 38. Ke2 Qh5+ 39. Kf1 Qf5+
40. Kg1 h5 41. Rc5 Qe6 42. Rxh5 Qxb3 43. Qd5 Qc2 44. Qd3 Qxd3 45. Rxd3 b4 46.
Bc7 Bc3 47. Rc5 1-0

[Event "Klub Kölner SF 2 - Ratinger SK 1"]
[Site "NRW-Klasse - Gruppe 3 2021/20"]
[Date "2021.11.07"]
[Round "1.6"]
[White "Graf, Peter"]
[Black "Katz, Rafael"]
[Result "0-1"]
[WhiteElo "1951"]
[BlackElo "1955"]
[PlyCount "106"]
[EventDate "2021.??.??"]
[SourceVersionDate "2020.03.16"]
[WhiteTeam "Klub Kölner SF 2"]
[BlackTeam "Ratinger SK 1"]

1. e4 c6 2. d4 d5 3. exd5 cxd5 4. Bd3 Nc6 5. c3 Nf6 6. Bf4 Bg4 7. Nf3 Qb6 8.
Qb3 Qxb3 9. axb3 Bxf3 10. gxf3 Nh5 11. Bg3 e6 12. b4 Kd7 13. b5 Ne7 14. Nd2 Ng6
15. b6 Nxg3 16. Bb5+ Kd6 17. Rxa7 Nxh1 18. Rxa8 Be7 19. Rxh8 Nxh8 20. Kf1 Bd8
21. Kg2 Nxf2 22. Kxf2 Bxb6 23. Ke2 Ng6 24. Nf1 Bd8 25. Ng3 Nf4+ 26. Kd1 Bg5 27.
b3 Nh3 28. Bf1 Nf4 29. Kc2 h5 30. Ne2 Ng6 31. Kd3 Bf4 32. Nxf4 Nxf4+ 33. Ke3 g5
34. Bb5 f6 35. Bf1 e5 36. dxe5+ Kxe5 37. Bb5 Ne6 38. Be8 d4+ 39. cxd4+ Nxd4 40.
Bf7 h4 41. h3 Nf5+ 42. Kf2 Kd4 43. Be6 Nd6 44. Ke2 b5 45. Kd2 b4 46. Ke2 Nb7
47. Kd2 Nc5 48. Bf7 f5 49. Bc4 Nb7 50. Bf7 g4 51. fxg4 fxg4 52. hxg4 h3 53. Be8
Nd6 0-1

[Event "Klub Kölner SF 2 - Ratinger SK 1"]
[Site "NRW-Klasse - Gruppe 3 2021/20"]
[Date "2021.11.07"]
[Round "1.7"]
[White "Skoerys, Fabian"]
[Black "Goldenstein, Arnd"]
[Result "1-0"]
[WhiteElo "1952"]
[BlackElo "1908"]
[PlyCount "109"]
[EventDate "2021.??.??"]
[SourceVersionDate "2020.03.16"]
[WhiteTeam "Ratinger SK 1"]
[BlackTeam "Klub Kölner SF 2"]

1. c4 c5 2. g3 g6 3. Bg2 Bg7 4. Nc3 Nc6 5. e3 h5 6. h4 Nh6 7. Nge2 Nf5 8. a3
O-O 9. Rb1 a5 10. b3 Rb8 11. Bb2 b6 12. Qc2 Bb7 13. O-O e6 14. Nb5 d5 15. Bxg7
Kxg7 16. d4 cxd4 17. cxd5 exd5 18. Nbxd4 Ncxd4 19. Nxd4 Nxd4 20. Qb2 Qf6 21.
Qxd4 Qxd4 22. exd4 Rbc8 23. Rbc1 Rfe8 24. Bf3 Kf6 25. Kg2 Ke6 26. Rfe1+ Kd6 27.
Rxe8 Rxc1 28. Rd8+ Ke7 29. Rb8 Rc7 30. Be2 Kd6 31. Bb5 Re7 32. Rd8+ Kc7 33. Re8
Kd6 34. Rxe7 Kxe7 35. Kf3 Kf6 36. Kf4 Ba8 37. f3 Bb7 38. g4 Ba8 39. Ba6 Bc6 40.
Bc8 Ba8 41. g5+ Ke7 42. Ke5 Bc6 43. f4 Ba8 44. f5 Bc6 45. fxg6 fxg6 46. Be6 Bb7
47. Bxd5 Bc8 48. Bc6 Bf5 49. b4 axb4 50. axb4 Be6 51. Be4 Bf7 52. d5 Be8 53.
Bd3 Kf7 54. Kd6 Ba4 55. Kc7 1-0

[Event "Klub Kölner SF 2 - Ratinger SK 1"]
[Site "NRW-Klasse - Gruppe 3 2021/20"]
[Date "2021.11.07"]
[Round "1.8"]
[White "Hendrix, Joachim"]
[Black "Krueger, Norbert"]
[Result "1-0"]
[WhiteElo "1936"]
[BlackElo "1963"]
[PlyCount "85"]
[EventDate "2021.??.??"]
[SourceVersionDate "2020.03.16"]
[WhiteTeam "Klub Kölner SF 2"]
[BlackTeam "Ratinger SK 1"]

1. Nf3 d5 2. g3 Nf6 3. Bg2 e6 4. O-O Be7 5. d3 O-O 6. Nbd2 Nbd7 7. e4 dxe4 8.
dxe4 e5 9. Qe2 b6 10. Rd1 c6 11. Nf1 Qc7 12. Nh4 Nc5 13. h3 Be6 14. Nf5 Bxf5
15. exf5 Rad8 16. Re1 Nfd7 17. a4 a5 18. Ne3 Bg5 19. Qg4 Bh6 20. Nd5 Qd6 21.
Bxh6 Qxh6 22. Ne7+ Kh8 23. Nxc6 Rde8 24. b4 axb4 25. Nxb4 Qd2 26. Qc4 Rc8 27.
Rad1 Qh6 28. Qb5 Rfd8 29. Nc6 Re8 30. a5 bxa5 31. Nxa5 Red8 32. Nc6 Re8 33. Na5
Red8 34. Nc4 Qf6 35. Nd6 Rb8 36. Qc4 Kg8 37. g4 Rb6 38. Nxf7 Re8 39. Nd6+ Kf8
40. Nxe8 Kxe8 41. f4 Nb7 42. Qc8+ Qd8 43. Bxb7 1-0

[Event "SG Porz 3 - Krefelder SK Turm 2"]
[Site "NRW-Klasse - Gruppe 3 2021/20"]
[Date "2021.11.07"]
[Round "1.1"]
[White "Markgraf, Jonas"]
[Black "Gallinnis, Norbert"]
[Result "1/2-1/2"]
[WhiteElo "2017"]
[BlackElo "2100"]
[PlyCount "152"]
[EventDate "2021.??.??"]
[SourceVersionDate "2020.03.16"]
[WhiteTeam "Krefelder SK Turm 2"]
[BlackTeam "SG Porz 3"]

1. e4 c5 2. Nf3 d6 3. Bb5+ Nd7 4. O-O Ngf6 5. Re1 e6 6. c3 a6 7. Bf1 e5 8. d4
h6 9. a4 Be7 10. d5 b6 11. c4 O-O 12. Nc3 Nh7 13. Bd3 Kh8 14. Ne2 Ndf6 15. Ng3
Ne8 16. Bd2 Bd7 17. b4 cxb4 18. Bxb4 a5 19. Bc3 Nc7 20. Nf5 Na6 21. Nd2 Nc5 22.
Bc2 Nf6 23. Nxe7 Qxe7 24. Nf1 Kg8 25. Ng3 Rab8 26. Nf5 Bxf5 27. exf5 Rfe8 28.
Ra3 Qc7 29. Bd2 Na6 30. Rc3 Nb4 31. Bb1 Kf8 32. Kh1 Rbc8 33. g4 Qb7 34. f3 Rc7
35. Rc1 Na6 36. g5 hxg5 37. Bxg5 Qc8 38. Bxf6 gxf6 39. Qb3 Nb4 40. Be4 Rc5 41.
Rg1 Ke7 42. Rg7 Rh8 43. f4 Kf8 44. Rgg1 Ke7 45. fxe5 dxe5 46. Rg7 Rxh2+ 47. Kg1
Rh8 48. d6+ Kf8 49. Rg2 Ke8 50. Rg7 Rf8 51. Rd1 Kd7 52. Bd5 Rxd5 53. cxd5 Qc5+
54. Kg2 Kxd6 55. Rd2 Qc1 56. Qe3 Qc7 57. Qh6 Qd8 58. Kf1 Rh8 59. Rh7 Rxh7 60.
Qxh7 Qc7 61. Qh6 Qc4+ 62. Kg2 Qg4+ 63. Kh1 Qxf5 64. Qf8+ Kd7 65. Qxf7+ Kc8 66.
Qe6+ Qxe6 67. dxe6 Nc6 68. Rc2 Kb7 69. Rf2 Ne7 70. Rxf6 Kc6 71. Kg2 Kd6 72. Kf3
Nd5 73. Rh6 Nc3 74. e7+ Kxe7 75. Rxb6 e4+ 76. Kf2 Nxa4 1/2-1/2

[Event "SG Porz 3 - Krefelder SK Turm 2"]
[Site "NRW-Klasse - Gruppe 3 2021/20"]
[Date "2021.11.07"]
[Round "1.2"]
[White "Finke, Kai"]
[Black "Prein, Michael"]
[Result "1-0"]
[WhiteElo "2119"]
[BlackElo "2009"]
[PlyCount "63"]
[EventDate "2021.??.??"]
[SourceVersionDate "2020.03.16"]
[WhiteTeam "SG Porz 3"]
[BlackTeam "Krefelder SK Turm 2"]

1. d4 d5 2. c4 Nc6 3. Nc3 Nf6 4. cxd5 Nxd5 5. e4 Nxc3 6. bxc3 e5 7. d5 Nb8 8.
Be3 Bd6 9. Bd3 O-O 10. Ne2 Qe7 11. Ng3 c6 12. c4 Bb4+ 13. Bd2 Rd8 14. O-O Na6
15. f4 Bc5+ 16. Kh1 Bd4 17. Rb1 Nc5 18. Bc2 Qh4 19. f5 b5 20. Qf3 bxc4 21. dxc6
Rd6 22. c7 Na6 23. Qa3 Bc5 24. Qc3 Qe7 25. f6 Qxc7 26. Qxe5 Rxf6 27. Qe8+ Bf8
28. Rxf6 gxf6 29. Nh5 Qd6 30. Bc3 Bb7 31. Qxa8 Bxa8 32. Nxf6+ 1-0

[Event "SG Porz 3 - Krefelder SK Turm 2"]
[Site "NRW-Klasse - Gruppe 3 2021/20"]
[Date "2021.11.07"]
[Round "1.3"]
[White "Cozzuto, Alessandro"]
[Black "Wagenknecht, Uwe"]
[Result "0-1"]
[WhiteElo "1854"]
[BlackElo "2103"]
[PlyCount "46"]
[EventDate "2021.??.??"]
[SourceVersionDate "2020.03.16"]
[WhiteTeam "Krefelder SK Turm 2"]
[BlackTeam "SG Porz 3"]

1. c4 Nf6 2. Nc3 g6 3. g3 Bg7 4. Bg2 d6 5. d3 c5 6. e4 Nc6 7. Nge2 h5 8. Bg5
Nh7 9. Be3 Nf8 10. f4 h4 11. O-O hxg3 12. hxg3 Bg4 13. Qe1 Qd7 14. Qf2 Ne6 15.
f5 gxf5 16. exf5 Ned4 17. f6 Bxf6 18. Nxd4 cxd4 19. Bxc6 Qxc6 20. Nd5 dxe3 21.
Qxe3 Be6 22. Rxf6 exf6 23. Re1 Kf8 0-1

[Event "SG Porz 3 - Krefelder SK Turm 2"]
[Site "NRW-Klasse - Gruppe 3 2021/20"]
[Date "2021.11.07"]
[Round "1.4"]
[White "Evers, Leo"]
[Black "Reuter, Julian-Frank"]
[Result "1-0"]
[WhiteElo "2022"]
[BlackElo "1897"]
[PlyCount "183"]
[EventDate "2021.??.??"]
[SourceVersionDate "2020.03.16"]
[WhiteTeam "SG Porz 3"]
[BlackTeam "Krefelder SK Turm 2"]

1. d4 d5 2. c4 c6 3. Nf3 Nf6 4. e3 e6 5. b3 Ne4 6. Nfd2 Bb4 7. Bb2 f5 8. a3 Bd6
9. Nc3 O-O 10. Nf3 Nd7 11. Be2 Qf6 12. Qc2 b6 13. a4 Bb7 14. O-O Rf7 15. a5
bxa5 16. Rxa5 g5 17. Ne5 Nxe5 18. Nxe4 fxe4 19. dxe5 Bxe5 20. Bxe5 Qxe5 21. Qa2
Bc8 22. Bh5 Rb7 23. Be8 Qc7 24. Ra1 Bd7 25. Bxd7 Qxd7 26. g3 Rab8 27. Ra3 dxc4
28. Qb2 Rxb3 29. Qf6 Rxa3 30. Rxa3 Rb5 31. Qa1 Qg7 32. Qd1 Rd5 33. Qb1 Qd7 34.
Kg2 Rb5 35. Qa2 Qf7 36. Rxa7 Qf3+ 37. Kg1 Rd5 38. Ra8+ Kg7 39. Qb2+ Kh6 40. Ra1
Rd1+ 41. Rxd1 Qxd1+ 42. Kg2 Kg6 43. Qh8 Qf3+ 44. Kg1 Qd1+ 45. Kg2 Qd7 46. Qg8+
Kf6 47. Qf8+ Ke5 48. Qh8+ Kf5 49. Qf8+ Kg6 50. Qg8+ Kh6 51. Qf8+ Kh5 52. Qf6 g4
53. Qh4+ Kg6 54. Qxg4+ Kf6 55. Qh4+ Ke5 56. Qh5+ Kf6 57. Qh6+ Ke5 58. Qh5+ Kf6
59. Qc5 Qd5 60. Qf8+ Kg6 61. Qg8+ Kh6 62. g4 e5 63. Qf8+ Kg6 64. h4 Qf7 65.
Qxf7+ Kxf7 66. Kf1 h5 67. g5 c5 68. Ke2 Ke6 69. f3 exf3+ 70. Kxf3 Kd5 71. Ke2
e4 72. Kd2 Ke5 73. Kc2 Ke6 74. Kc3 Kd5 75. Kc2 Ke5 76. Kb2 Ke6 77. Kc3 Kd5 78.
g6 Ke6 79. Kxc4 Kf6 80. Kxc5 Kxg6 81. Kd5 Kf5 82. Kd4 Kg4 83. Kxe4 Kxh4 84. Kf4
Kh3 85. e4 h4 86. e5 Kg2 87. e6 h3 88. e7 h2 89. e8=Q h1=Q 90. Qe2+ Kh3 91.
Qg4+ Kh2 92. Qg3# 1-0

[Event "SG Porz 3 - Krefelder SK Turm 2"]
[Site "NRW-Klasse - Gruppe 3 2021/20"]
[Date "2021.11.07"]
[Round "1.5"]
[White "Komans, Dieter"]
[Black "Thiemonds, Uli"]
[Result "1/2-1/2"]
[WhiteElo "1972"]
[BlackElo "1993"]
[PlyCount "91"]
[EventDate "2021.??.??"]
[SourceVersionDate "2020.03.16"]
[WhiteTeam "Krefelder SK Turm 2"]
[BlackTeam "SG Porz 3"]

1. e4 e6 2. Bd3 d5 3. Nc3 Nf6 4. Qe2 Be7 5. Nf3 c5 6. b3 Nc6 7. O-O Nd4 8. Nxd4
cxd4 9. e5 dxc3 10. exf6 Bxf6 11. dxc3 Bxc3 12. Rb1 O-O 13. Bxh7+ Kxh7 14. Qd3+
Kg8 15. Qxc3 Bd7 16. Re1 Rc8 17. Qd3 Qc7 18. c4 dxc4 19. bxc4 Rfd8 20. Bb2 Qf4
21. Re4 Qf5 22. Qg3 f6 23. Rbe1 e5 24. h3 Be6 25. Bxe5 fxe5 26. Rxe5 Qd3 27.
R5e3 Qd6 28. Qg6 Bf7 29. Re8+ Bxe8 30. Rxe8+ Rxe8 31. Qxd6 Rc6 32. Qd7 Re1+ 33.
Kh2 Rb6 34. Qd2 Reb1 35. c5 R6b2 36. Qd8+ Kh7 37. Qb8 Rc1 38. Qxa7 Rcc2 39. Qa4
Rxf2 40. Qe4+ Kg8 41. a4 Kf7 42. c6 bxc6 43. a5 Ra2 44. a6 Ra1 45. Qc4+ Kg6 46.
Qxc6+ 1/2-1/2

[Event "SG Porz 3 - Krefelder SK Turm 2"]
[Site "NRW-Klasse - Gruppe 3 2021/20"]
[Date "2021.11.07"]
[Round "1.6"]
[White "Paulus, Jeffrey"]
[Black "Panjer, Sydney"]
[Result "1-0"]
[WhiteElo "1931"]
[BlackElo "1762"]
[PlyCount "49"]
[EventDate "2021.??.??"]
[SourceVersionDate "2020.03.16"]
[WhiteTeam "SG Porz 3"]
[BlackTeam "Krefelder SK Turm 2"]

1. d4 Nf6 2. c4 e6 3. Nc3 d5 4. Nf3 Nbd7 5. Bg5 h6 6. Bh4 Be7 7. e3 O-O 8. Qc2
c5 9. cxd5 cxd4 10. Nxd4 Nxd5 11. Bxe7 Nxe7 12. Be2 b6 13. Bf3 Rb8 14. Ncb5 a6
15. Na7 Ne5 16. Rd1 Qd7 17. Nac6 Nxf3+ 18. gxf3 Nxc6 19. Nxc6 Qc7 20. Qc3 Ra8
21. Rg1 f6 22. Nd8 Qxh2 23. Rg3 a5 24. Qc7 g5 25. Rxg5+ 1-0

[Event "SG Porz 3 - Krefelder SK Turm 2"]
[Site "NRW-Klasse - Gruppe 3 2021/20"]
[Date "2021.11.07"]
[Round "1.7"]
[White "Schneiderwind, Ralf"]
[Black "Wegener, Marcus"]
[Result "1/2-1/2"]
[WhiteElo "1863"]
[BlackElo "1957"]
[PlyCount "34"]
[EventDate "2021.??.??"]
[SourceVersionDate "2020.03.16"]
[WhiteTeam "Krefelder SK Turm 2"]
[BlackTeam "SG Porz 3"]

1. e4 c5 2. Nf3 Nc6 3. d4 cxd4 4. Nxd4 Nf6 5. Nc3 e5 6. Ndb5 d6 7. a4 a6 8. Na3
Bg4 9. f3 Be6 10. Bc4 Nb4 11. Bg5 Be7 12. Bxf6 Bxf6 13. Nd5 Nxd5 14. Bxd5 Qa5+
15. c3 Bxd5 16. Qxd5 Qxd5 17. exd5 Rc8 1/2-1/2

[Event "SG Porz 3 - Krefelder SK Turm 2"]
[Site "NRW-Klasse - Gruppe 3 2021/20"]
[Date "2021.11.07"]
[Round "1.8"]
[White "Hackbusch, Thomas"]
[Black "Arning, Peter"]
[Result "1/2-1/2"]
[WhiteElo "1839"]
[BlackElo "1839"]
[PlyCount "35"]
[EventDate "2021.??.??"]
[SourceVersionDate "2020.03.16"]
[WhiteTeam "SG Porz 3"]
[BlackTeam "Krefelder SK Turm 2"]

1. d4 g6 2. c4 Bg7 3. Nc3 d6 4. Nf3 e5 5. dxe5 dxe5 6. Qxd8+ Kxd8 7. Bg5+ f6 8.
O-O-O+ Bd7 9. Be3 Bh6 10. Bxh6 Nxh6 11. h3 c6 12. e3 Nf7 13. Be2 Na6 14. Ne4 f5
15. Nf6 Nb8 16. c5 Ke7 17. Nxd7 Nxd7 18. Bc4 1/2-1/2

[Event "SV Turm Kamp-Lintfort 1 - Oberhausener "]
[Site "NRW-Klasse - Gruppe 3 2021/20"]
[Date "2021.11.07"]
[Round "1.1"]
[White "Becker, Marcel"]
[Black "Ratering, Jona"]
[Result "1/2-1/2"]
[WhiteElo "2352"]
[BlackElo "2118"]
[Annotator "daniel"]
[PlyCount "75"]
[EventDate "2021.??.??"]
[SourceVersionDate "2020.03.16"]
[WhiteTeam "Oberhausener SV 1"]
[BlackTeam "SV Turm Kamp-Lintfort 1"]

1. d4 Nf6 2. c4 e6 3. Nf3 d5 4. Nc3 a6 5. c5 b6 6. cxb6 c5 7. e3 Nbd7 8. Bd3
Qxb6 9. O-O Bd6 10. Bd2 O-O 11. Rc1 c4 12. Bc2 Bb7 13. b3 cxb3 14. Bxb3 Rfc8
$11 15. Qe2 Ne4 16. Nxe4 dxe4 17. Ng5 Rxc1 18. Bxc1 Nf6 19. f3 exf3 20. Nxf3
Bd5 21. Bc2 Qc6 22. Ne5 Bxe5 23. dxe5 Bc4 24. Bd3 Bxd3 25. Qxd3 Nd7 26. Bb2 Nf8
27. Qe2 Rd8 28. Bd4 Rb8 29. h3 h6 30. Rf2 Ng6 31. Kh2 Rb5 32. Qc2 Qxc2 33. Rxc2
Nxe5 34. Rc8+ Kh7 35. Ra8 Ra5 36. Bc3 Rc5 37. Bd4 Ra5 38. Bc3 1/2-1/2

[Event "SV Turm Kamp-Lintfort 1 - Oberhausener "]
[Site "NRW-Klasse - Gruppe 3 2021/20"]
[Date "2021.11.07"]
[Round "1.2"]
[White "Schneider, Christoph"]
[Black "Hort, Vlastimil"]
[Result "1/2-1/2"]
[WhiteElo "2158"]
[BlackElo "2299"]
[PlyCount "126"]
[EventDate "2021.??.??"]
[SourceVersionDate "2020.03.16"]
[WhiteTeam "SV Turm Kamp-Lintfort 1"]
[BlackTeam "Oberhausener SV 1"]

1. c4 Nf6 2. Nc3 g6 3. g3 Bg7 4. Bg2 d6 5. e3 O-O 6. Nge2 e5 7. O-O Re8 8. Rb1
c6 9. d3 Be6 10. Qc2 Qc8 11. Ne4 Rd8 12. b4 Bh3 13. Bb2 Bxg2 14. Kxg2 Ne8 15.
f4 h6 16. h3 a5 17. a3 axb4 18. axb4 Na6 19. Bc3 Nac7 20. Nf2 Ne6 21. g4 exf4
22. exf4 Bxc3 23. Qxc3 N6g7 24. Rb2 b5 25. Ng3 d5 26. c5 Kh7 27. Re2 Ra7 28.
Qd2 Nf6 29. f5 Re8 30. Rxe8 Qxe8 31. g5 hxg5 32. Qxg5 Qe7 33. Qd2 Ngh5 34. Re1
Qf8 35. Ng4 Qg7 36. fxg6+ fxg6 37. Qf2 Nxg4 38. hxg4 Rf7 39. Qe3 Nf4+ 40. Kg1
Qb2 41. Ne2 Qxb4 42. Nxf4 Qxf4 43. Qxf4 Rxf4 44. Re6 Rd4 45. Rxc6 Rxd3 46. Rb6
Rg3+ 47. Kf2 Rxg4 48. Rxb5 Rc4 49. c6 d4 50. Rd5 Kh6 51. c7 Rxc7 52. Rxd4 g5
53. Kg3 Kh5 54. Rd3 Rc4 55. Rb3 Rg4+ 56. Kh3 Rg1 57. Kh2 Rf1 58. Kg3 Rf5 59.
Ra3 Re5 60. Rb3 Ra5 61. Rc3 g4 62. Rb3 Kg5 63. Rc3 Kf5 1/2-1/2

[Event "SV Turm Kamp-Lintfort 1 - Oberhausener "]
[Site "NRW-Klasse - Gruppe 3 2021/20"]
[Date "2021.11.07"]
[Round "1.3"]
[White "Montignies, Rainer"]
[Black "Hagen, Gunter"]
[Result "1/2-1/2"]
[WhiteElo "2260"]
[BlackElo "2122"]
[PlyCount "64"]
[EventDate "2021.??.??"]
[SourceVersionDate "2020.03.16"]
[WhiteTeam "Oberhausener SV 1"]
[BlackTeam "SV Turm Kamp-Lintfort 1"]

1. Nf3 Nf6 2. g3 c5 3. c4 Nc6 4. Bg2 d6 5. O-O g6 6. b3 Bg7 7. Bb2 O-O 8. d4
cxd4 9. Nxd4 Bd7 10. Qd2 Nxd4 11. Bxd4 Bc6 12. Nc3 Bxg2 13. Kxg2 Qd7 14. Rfd1
Rfd8 15. Rac1 b6 16. f3 Rac8 17. e4 Qb7 18. Qf2 e6 19. Rc2 Rd7 20. Rcd2 Rcd8
21. Rd3 Qc6 22. Qb2 Ne8 23. Bxg7 Nxg7 24. Qd2 Qc5 25. Qf4 Ne8 26. h4 Kg7 27.
R1d2 Nf6 28. Qg5 h6 29. Qf4 a6 30. a4 g5 31. hxg5 hxg5 32. Qe3 Qxe3 1/2-1/2

[Event "SV Turm Kamp-Lintfort 1 - Oberhausener "]
[Site "NRW-Klasse - Gruppe 3 2021/20"]
[Date "2021.11.07"]
[Round "1.4"]
[White "Westermann, Johannes"]
[Black "Nissen, Claus"]
[Result "1/2-1/2"]
[WhiteElo "2004"]
[BlackElo "2173"]
[PlyCount "66"]
[EventDate "2021.??.??"]
[SourceVersionDate "2020.03.16"]
[WhiteTeam "SV Turm Kamp-Lintfort 1"]
[BlackTeam "Oberhausener SV 1"]

1. d4 Nf6 2. c4 e6 3. Nf3 c5 4. Nc3 d5 5. cxd5 Nxd5 6. e4 Nxc3 7. bxc3 cxd4 8.
cxd4 Bb4+ 9. Bd2 Bxd2+ 10. Qxd2 O-O 11. Bc4 Nd7 12. O-O Nf6 13. Rfe1 b6 14. e5
Nd5 15. Ng5 Bb7 16. Ne4 Rc8 17. Nd6 Rc7 18. Bxd5 Bxd5 19. Rec1 Rxc1+ 20. Rxc1
Qh4 21. h3 f6 22. Rc8 Rxc8 23. Nxc8 Qe4 24. f3 Qb1+ 25. Kf2 Qxa2 26. Qxa2 Bxa2
27. Nxa7 Kf8 28. Ke3 h5 29. g3 Bc4 30. Nc8 b5 31. Nd6 Bf1 32. Kf2 Bd3 33. Ke3
Bf1 1/2-1/2

[Event "SV Turm Kamp-Lintfort 1 - Oberhausener "]
[Site "NRW-Klasse - Gruppe 3 2021/20"]
[Date "2021.11.07"]
[Round "1.5"]
[White "Alkhazashvili, Ololi"]
[Black "Nurkowski-Buerkle, Ruediger"]
[Result "1-0"]
[WhiteElo "2131"]
[BlackElo "1990"]
[PlyCount "23"]
[EventDate "2021.??.??"]
[SourceVersionDate "2020.03.16"]
[WhiteTeam "Oberhausener SV 1"]
[BlackTeam "SV Turm Kamp-Lintfort 1"]

1. e4 c5 2. Nf3 d6 3. Bb5+ Nd7 4. d4 cxd4 5. Qxd4 a6 6. Ba4 b5 7. Bb3 Bb7 8.
Ng5 e6 9. Bxe6 fxe6 10. Nxe6 Qf6 11. Nc7+ Kd8 12. Bg5 1-0